000 00690nam a2200205 a 4500
001 000006229
005 20250509170321.0
008 090827s2006 dr a 000 0 spa d
020 _a9945415123
040 _aDO-SdBNP
082 _a306.43
_bE244g
245 0 0 _aEducación, globalización y desarrollo humano /
_cRadhamés Mejía... [et. al.].
260 _aSanto Domingo :
_bPontificia Universidad Católica Madre y Maestra,
_c2006.
300 _a178 p. :
_bil. ;
_c22 cm.
500 _aIncluye notas al pie de páginas
504 _aIncluye referencias bibliográficas (p. 165-166)
650 0 _aEducación
_951588
650 0 _aGlobalización
_91524
650 4 _aDesarrollo humano
_9213
999 _c6024
_d6024